000 00657nam a2200241Ia 4500
003 OSt
005 20221007072435.0
006 a|||||r|||| 00| 0
007 ta
008 221006b |||||||| |||| 00| 0 eng d
024 _a10,065
037 _cReference Collections
040 _aFLL
_cFLL
_beng
041 _2eng
_aeng
082 _aZb4, J3
100 _aWilliams L. Glanville Au.
_9690656
245 0 _aLearning the law `
250 _a4th
260 _aLondon
_bStevens and sons limited London
_c1953
300 _a194p
_ccm.
942 _hZb4, J3
_cREF
_2CC
999 _c1146066
_d1146066